The Center for Research Libraries catalogue, monographs. Supplement.

Bibliographic Details
New Title:Center for Research Libraries (U.S.). Center for Research Libraries catalogue. Newspapers
Center for Research Libraries (U.S.). Center for Research Libraries catalogue, serials. Supplement
Center for Research Libraries (U.S.). Catalog
Corporate Author: Center for Research Libraries (U.S.)
Format: Serial
Language:English
Multiple languages
Published: Chicago : Center for Research Libraries, 1974-1978.
Subjects:
Online Availability: Check for online availability

MARC

Tag First Indicator Second Indicator Subfields
LEADER 00000cas a2200000 4500
001 in00000313463
005 20151010145143.0
008 760720d19741978iluuu1 c 0 a0eng
010 |a  75644919  
022 |a 0098-7662  |l 0098-7662  |2 1 
035 |a (OCoLC)02322092 
035 |9 ABH7234AM 
040 |a DLC  |c MUL  |d NSD  |d DLC  |d OCL  |d DLC  |d OCL  |d NST  |d DLC  |d NST  |d WAU  |d UtOrBLW 
041 0 |a eng  |a mul 
042 |a nsdp  |a lc 
043 |a n-us-il 
049 |a TXAM 
050 0 0 |a Z733  |b .C52343 
082 0 0 |a 018/.1/0977311 
090 |a Z881  |b .C512 Suppl. 
110 2 |a Center for Research Libraries (U.S.) 
222 4 |a The Center for Research Libraries catalogue. Monographs. Supplement 
245 1 4 |a The Center for Research Libraries catalogue, monographs.  |p Supplement. 
264 1 |a Chicago :  |b Center for Research Libraries,  |c 1974-1978. 
300 |a volumes ;  |c 36 x 27 cm. 
336 |a text  |b txt  |2 rdacontent 
337 |a unmediated  |b n  |2 rdamedia 
338 |a volume  |b nc  |2 rdacarrier 
362 0 |a 1st-2nd. 
515 |a Each suppl. issued in several vols. 
580 |a Merged with: Center for Research Libraries (U.S.). Center for Research Libraries catalogue. Newspapers, and: Center for Research Libraries (U.S.). Center for Research Libraries catalogue, serials. Supplement, to form: Center for Research Libraries (U.S.). Catalog. 
610 2 0 |a Center for Research Libraries (U.S.)  |x Catalogs. 
785 1 7 |a Center for Research Libraries (U.S.).  |t Center for Research Libraries catalogue. Newspapers  |w (OCoLC)4678539 
785 1 7 |a Center for Research Libraries (U.S.).  |t Center for Research Libraries catalogue, serials. Supplement  |w (DLC)sc 79004569  |w (OCoLC)4631395 
785 1 7 |a Center for Research Libraries (U.S.).  |t Catalog  |w (DLC) 87640387  |w (OCoLC)9040349 
999 |a MARS 
999 f f |s 4016b90c-fe70-396c-8ecf-9bd0d849dcda  |i 6b8bd701-ca3a-3446-82cf-337f72873c65  |t 0 
952 f f |p storage  |a Texas A&M University  |b J.J. Pickle Campus  |c High Density Repository  |d Remote Storage  |t 0  |e Z881 .C512 Suppl.  |h Library of Congress classification  |i unmediated -- volume  |k 2nd:v.2  |l 1978  |m A14816411240 
952 f f |p storage  |a Texas A&M University  |b J.J. Pickle Campus  |c High Density Repository  |d Remote Storage  |t 0  |e Z881 .C512 Suppl.  |h Library of Congress classification  |i unmediated -- volume  |k 1st:v.1  |l 1974  |m A14816411216 
952 f f |p storage  |a Texas A&M University  |b J.J. Pickle Campus  |c High Density Repository  |d Remote Storage  |t 0  |e Z881 .C512 Suppl.  |h Library of Congress classification  |i unmediated -- volume  |k 2nd:v.3  |l 1978  |m A14816411258 
952 f f |p storage  |a Texas A&M University  |b J.J. Pickle Campus  |c High Density Repository  |d Remote Storage  |t 0  |e Z881 .C512 Suppl.  |h Library of Congress classification  |i unmediated -- volume  |k 2nd:v.1  |l 1978  |m A14816411232 
952 f f |p storage  |a Texas A&M University  |b J.J. Pickle Campus  |c High Density Repository  |d Remote Storage  |t 0  |e Z881 .C512 Suppl.  |h Library of Congress classification  |i unmediated -- volume  |k 1st:v.2  |l 1974  |m A14816411224 
952 f f |p storage  |a Texas A&M University  |b J.J. Pickle Campus  |c High Density Repository  |d Remote Storage  |t 0  |e Z881 .C512 Suppl.  |h Library of Congress classification  |i unmediated -- volume  |k 2nd:v.4  |l 1978  |m A14816411266 
952 f f |p storage  |a Texas A&M University  |b J.J. Pickle Campus  |c High Density Repository  |d Remote Storage  |t 0  |e Z881 .C512 Suppl.  |h Library of Congress classification  |i unmediated -- volume  |k 2nd:v.5  |l 1978  |m A14816411274 
998 f f |a Z881 .C512 Suppl.  |s 1st-2nd (1974-1978)  |t 0  |l Remote Storage